Cenzúra na sociálnych sieťach z hľadiska politickej filozofie
Spôsoby, ktorými dochádza k cenzúre na vybraných sociálnych sieťach a tento proces z hľadiska politickej filozofie, a to najmä vo vzťahu k rozporu, ktorý sa v súvislosti s touto témou dostáva na povrch v rámci politického liberalizmu.
Gespeichert in:
| 1. Verfasser: | |
|---|---|
| Format: | Buchkapitel |
| Sprache: | Slowakisch |
| Schlagworte: | |
| Tags: |
Keine Tags, Fügen Sie das erste Tag hinzu!
|
MARC
| LEADER | 00000naa$a2200000$$$4500 | ||
|---|---|---|---|
| 001 | 0281439 | ||
| 005 | 20240502074400.6 | ||
| 041 | 0 | |a slo | |
| 044 | |a SK | ||
| 245 | 1 | 0 | |a Cenzúra na sociálnych sieťach z hľadiska politickej filozofie |c Martin Karas |
| 520 | |a Spôsoby, ktorými dochádza k cenzúre na vybraných sociálnych sieťach a tento proces z hľadiska politickej filozofie, a to najmä vo vzťahu k rozporu, ktorý sa v súvislosti s touto témou dostáva na povrch v rámci politického liberalizmu. | ||
| 610 | 2 | 0 | |a siete sociálne |
| 610 | 2 | 0 | |a sloboda informácií |
| 610 | 2 | 0 | |a liberalizmus |
| 610 | 2 | 0 | |a filozofia |
| 610 | 2 | 0 | |a politika |
| 610 | 2 | 0 | |a cenzúra |
| 100 | 1 | |a Karas, Martin, 1991- | |